000 00482nam a2200181Ia 4500
008 230711s9999||||xx |||||||||||||| ||und||
020 _a978-81-203-2440-4
041 _aENG
082 _a604.2
_bSI-E
100 _aSiddiquee,Arshad Noor
245 0 _aEngineering drawing with a primer on autocad
250 _a1st . Ed.
260 _c2004
_aNew Delhi
_bPHI Learning Private Limited
300 _a312
650 _aMechanical Engineering
700 _aKhan,Zahid A
942 _cBK
999 _c5517
_d5517